ننھے مننے گلدستے : (Record no. 106063)

MARC details
000 -LEADER
fixed length control field 00931nam a22002537a 4500
005 - DATE AND TIME OF LATEST TRANSACTION
control field 20170123162302.0
010 ## - LIBRARY OF CONGRESS CONTROL NUMBER
LC control number B-208888
020 ## - INTERNATIONAL STANDARD BOOK NUMBER
Terms of availability 50.00
International Standard Book Number 8182232473
035 ## - SYSTEM CONTROL NUMBER
System control number B-208888
037 ## - SOURCE OF ACQUISITION
Source of stock number/acquisition Cen Lib/Ret
040 ## - CATALOGING SOURCE
Original cataloging agency DPL
Language of cataloging UR
082 ## - DEWEY DECIMAL CLASSIFICATION NUMBER
Classification number ک - ز ی ن
100 ## - MAIN ENTRY--PERSONAL NAME
Personal name زینت مسعود زینت
9 (RLIN) 14049
245 ## - TITLE STATEMENT
Title ننھے مننے گلدستے :
Statement of responsibility, etc زینت مسعود زینت
Remainder of title بچو کی کحانیا /
246 ## - VARYING FORM OF TITLE
Title proper/short title Nanhhe munne guldaste-nanhe munne bachhon ki kahaniyan
Remainder of title by Zeenat Masood Zeenat
260 ## - PUBLICATION, DISTRIBUTION, ETC. (IMPRINT)
Place of publication, distribution, etc دحلی
Name of publisher, distributor, etc ایجوکیشنل پبلیشینگ حاوس
Date of publication, distribution, etc 2007
270 ## - ADDRESS
Address 3108-واکیل اسٹریٹ کوچا پانڈیت لال کوان
City دحلی
Postal code 110006
300 ## - PHYSICAL DESCRIPTION
Extent 80p.
Dimensions 22cm(Hb)
650 ## - SUBJECT ADDED ENTRY--TOPICAL TERM
Topical term or geographic name as entry element اردو ادب
9 (RLIN) 14050
650 ## - SUBJECT ADDED ENTRY--TOPICAL TERM
Topical term or geographic name as entry element موختاسر کحانیان
9 (RLIN) 14051
650 ## - SUBJECT ADDED ENTRY--TOPICAL TERM
Topical term or geographic name as entry element Urdu literature
9 (RLIN) 14052
650 ## - SUBJECT ADDED ENTRY--TOPICAL TERM
Topical term or geographic name as entry element Short stories
9 (RLIN) 44
942 ## - ADDED ENTRY ELEMENTS (KOHA)
Source of classification or shelving scheme Dewey Decimal Classification
Koha item type Urdu Bks
Classification part
Call number suffix ز ی ن
Holdings
Withdrawn status Lost status Damaged status Not for loan Home library Current library Date acquired Source of acquisition Cost, normal purchase price Total Checkouts Full call number Barcode Date last seen Copy number Cost, replacement price Price effective from Koha item type
        Central Library Central Library 20/06/2015 Cen Lib/Ret 50.00   ک - ز ی ن B-208888 20/06/2015 1 50.00 20/06/2015 Urdu Bks

© Delhi Public Library
Hit Counter
free hit counter